000 00396nam a2200169 4500
020 _a9788198386205
082 _aM3
_bNIS/D
100 _aNizar Ilthumish
245 _aDhayammakkai/
_cby Nizar Ilthumish
250 _a10
260 _aCalicut:
_bAURA Tales,
_c2025.
300 _a144p.
650 _aNovel Malayalam
650 _aLiterature Malayalam
650 _aLiterature
942 _cBK
999 _c181835
_d181835